000 00489nam a22001577a 4500
999 _c169598
_d169598
005 20191126125541.0
010 _aB-120054
020 _a8183871582
_c200.00
035 _aB-120054
100 _aJudy Jacya
245 _aA-Z of Natural Therapies
_bA Practical Compendium
260 _aNew Delhi
_bIndus Publishing Company
_c1998
270 _aFS-5,Tagore Garden
_bNew Delhi
_e110027
_k01125151333,01125935289
_mmail@indusbooks.com
300 _a350p.
_c21c.m.
942 _2ddc
_cEN
_k615.535
_mJAC